Statistics for Eastenders Characters-April 2015

Click here to take the quiz!

General Stats

  • This quiz has been taken 121 times
  • The average score is 38 of 57

Answer Stats

HintAnswer% Correct
BealeIan
91%
MoonKat
91%
CarterLinda
90%
CarterMick
88%
MitchellPhil
87%
CarterShirley
87%
MoonAlfie
84%
BealeBobby
84%
BealeJane
84%
BrownJay
83%
CarterLee
83%
FoxDenise
81%
AhmedMasood
81%
HarrisMo
80%
CarterNancy
80%
SlaterStacey
80%
FoxKim
79%
FowlerMartin
79%
MitchellSharon
78%
MitchellBen
76%
CarterTina
76%
MitchellRoxy
74%
CokerPam
73%
TruemanPatrick
73%
MitchellRonnie
72%
DeanWhitney
72%
KazemiKush
71%
CokerLes
70%
FowlerSonia
70%
ChubbArthur (Fatboy)
69%
MitchellBilly
67%
FowlerRebecca
67%
JacksonCarol
66%
WicksDean
66%
MoonTommy
66%
PearceLola
64%
CrossCora
63%
Fox-HubbardPearl
63%
HubbardVincent
62%
MoonBert
60%
PearceLexi
60%
MoonErnie
59%
CottonCharlie
56%
MasoodShabnam
55%
MasoodTamwar
55%
SmithBabe
52%
ButcherLiam
50%
BriggsBuster
48%
MitchellAmy
47%
YatesDonna
47%
SlaterLily
45%
Mitchell-CottonMatthew
45%
CarterSylvie
28%
SpragganBeth
24%
RickmanDennis Jnr
23%
Currently UnknownClaudette
21%
WilliamsCindy Jnr
20%

Score Distribution

Percentile by Number Answered

Percent of People with Each Score

Your Score History

You have not taken this quiz